000 00394pab a2200169 454500
008 180718b2011 xxu||||| |||| 00| 0 eng d
100 _aSachar, Rajindar
245 _aLatest Lokpal bill - Vital changes still needed
260 _c2011
300 _ap.9-10.
362 _a13 Aug
650 _aLokpal Bill
650 _aCorruption
773 _aMainstream
908 _aN
909 _a92762
999 _c92762
_d92762